Competitive strategy and competitive advantages of small and midsized manufacturing enterprises in Slovakia
Guardado en:
| Autor principal: | |
|---|---|
| Otros Autores: | |
| Formato: | Capítulo de libro |
| Lenguaje: | inglés |
| Etiquetas: |
Sin Etiquetas, Sea el primero en etiquetar este registro!
|
MARC
| LEADER | 00000nla a2200000 4500 | ||
|---|---|---|---|
| 001 | 0219352 | ||
| 005 | 20240502083545.4 | ||
| 041 | 0 | |a eng | |
| 044 | |a US | ||
| 245 | 1 | 0 | |a Competitive strategy and competitive advantages of small and midsized manufacturing enterprises in Slovakia |c Emilia Papulova, Zuzana Papulova |
| 100 | 1 | |a Papulová, Emília | |
| 700 | 1 | |a Papulová, Zuzana | |